000 004330000a22001330004500
773 0 _tTeartimes
100 1 _aHollow, Mike
245 1 0 _aBorn in disaster
300 _aVol.0, núm.121 (Autumn 2008), Páginas 18-19
500 _aTearfund como organización nació durante la crisis de Biafra.
520 _a- Amor en acción - Transformación - Impacto global - En el nombre de Cristo
650 1 4 _aTEARFUND-HISTORIA
942 _cANA
999 _c62737
_d62737